| 000 | 01054nam a2200313 a 4500 | ||
|---|---|---|---|
| 001 | 000023324 | ||
| 005 | 20240516195916.0 | ||
| 008 | 101202s1989 sp a 000 0 spa d | ||
| 020 | _z8486344707 | ||
| 040 |
_aDO-SdBNP _bspa _cBNPHU |
||
| 041 | 1 | 7 |
_aspa _heng _2Código de idioma MARC |
| 082 |
_a641.56 _bD537c |
||
| 100 | 1 |
_aDiamond, Marilyn _948035 |
|
| 240 | 1 | 0 |
_aA new way of eating. _lEspañol |
| 245 | 1 | 3 |
_aLa cocina de la antidieta / _cMarilyn Diamond ; introducción de Harvey Diamond ; ilustraciones de Marilyn Diamond ; traducción de Montserrat Serra. |
| 260 |
_aBarcelona : _bUrano, _c1989. |
||
| 300 |
_a139 p. : _bil. ; _c22 cm. |
||
| 534 |
_aTítulo original : _tA new way of eating. |
||
| 650 | 0 |
_aCocina _9360 |
|
| 650 | 0 |
_aGastronomía _9362 |
|
| 650 | 4 |
_aDieta _930867 |
|
| 650 | 0 |
_aNutrición _912779 |
|
| 650 | 4 |
_aAlimentos naturales (cocina) _922164 |
|
| 700 | 1 |
_aDiamond, Harvey, _eintrod. _948036 |
|
| 700 | 1 |
_aSerra, Montserrat, _etr. _948037 |
|
| 700 | 1 |
_aDiamond, Marilyn, _eil. _948035 |
|
| 910 | _aWM | ||
| 049 | _aBNGR | ||
| 999 |
_c22821 _d22821 |
||